header

Programming 16-bit PIC microcontrollers in C (Record no. 98624)

MARC details
000 -LEADER
fixed length control field 01240nam a2200313Ia 4500
100 1# - MAIN ENTRY--AUTHOR NAME
Personal name Di Jasio, Lucio.
245 10 - TITLE STATEMENT
Title Programming 16-bit PIC microcontrollers in C
260 ## - PUBLICATION, DISTRIBUTION, ETC. (IMPRINT)
Place of publication Boston :
Name of publisher Newnes,
Year of publication c2007.
300 ## - PHYSICAL DESCRIPTION
Number of Pages xix, 379 p. :
Other physical details ill.
490 1# - SERIES STATEMENT
Series statement Embedded technology series
650 #0 - SUBJECT ADDED ENTRY--TOPICAL TERM
Topical Term Programmable controllers.
Topical Term C (Computer program language)
856 40 - ELECTRONIC LOCATION AND ACCESS
Uniform Resource Identifier http://site.ebrary.com/lib/rucke/Doc?id=10371829

No items available.

© 2026 Rongo University
Contact us: librarian | system librarian | Rongo university